Viagem ao Espírito Santo: (Registro n. 662)

Detalhes MARC
000 -LÍDER
campo de controle de tamanho fixo 01172nam a22002897a 4500
003 - IDENTIFICADOR DO NÚMERO DE CONTROLE
campo de controle BR-ViAPE
005 - DATA E HORÁRIO DA ÚLTIMA TRANSAÇÃO
campo de controle 20260514112344.0
008 - CAMPO DE DADOS FIXOS--INFORMAÇÃO GERAL
campo de controle de tamanho fixo 260514s2013 porco||gsb||| 001 0 por d
020 ## - ISBN - INTERNATIONAL STANDARD BOOK NUMBER
Informação qualificadora 978-85-98928-10-4
040 ## - FONTE DA CATALOGAÇÃO
Instituição que transcreveu o registro BR-ViAPE
245 ## - TÍTULO
Título Viagem ao Espírito Santo:
Restante do título viagem pelos trópicos brasileiros
246 ## - FORMA VARIANTE DO TÍTULO
Título/título abreviado Meine reise in den brasilianischen tropen
250 ## - EDIÇÃO
Complemento da informação de edição inclui Diário de Viagem do Barão Maximiliano von Speidel
260 ## - PUBLICAÇÃO, DISTRIBUIÇÃO, ETC.
Local de publicação, distribuição, etc. Vitória
Nome do editor, distribuidor, etc. Arquivo Público do Estado do Espírito Santo
Data da publicação, distribuição, etc. 2013
300 ## - DESCRIÇÃO FÍSICA
Extensão 176 p.
Outros detalhes físicos il.
300 ## - DESCRIÇÃO FÍSICA
Outros detalhes físicos Livro disponível em PDF
490 ## - TÍTULO DA SÉRIE
Título da série Coleção Canaã
Número do volume ou designação sequencial da série v. 14
500 ## - NOTA GERAL
Nota geral Obra disponibilizada em PDF por integrar a Coleção Canaã do APEES.
600 ## - ENTRADA DE ASSUNTO--NOME PESSOAL
Nome pessoal Speidel, Maximiliano von
Títulos e outras palavras associadas a um nome Barão
650 ## - ASSUNTO--TERMO TÓPICO
Cabeçalho tópico ou nome geográfico Diário de viagem
Subdivisão geral História
-- Rio Doce
Subdivisão geográfica Espírito Santo (Brasil)
651 ## - ASSUNTO—LOCAIS GEOGRÁFICOS E HISTÓRICOS
Nome geográfico Espírito Santo (Brasil)
700 ## - ENTRADA ADICIONADA - NOME PESSOAL
Nome pessoal Baviera, Teresa da
Datas associadas ao nome 1818 - 1889
Função do autor por extenso autora
700 ## - ENTRADA ADICIONADA - NOME PESSOAL
Nome pessoal Baldus, Sara
Função do autor por extenso tradutora
700 ## - ENTRADA ADICIONADA - NOME PESSOAL
Nome pessoal Bentivoglio, Julio
Função do autor por extenso organizador
856 ## - LOCALIZAÇÃO ELETRÔNICA E ACESSO
Uniform Resource Identifier <a href="https://ape.es.gov.br/Media/ape/PDF/Livros/Viagem_ao_Esp%C3%ADrito_Santo.pdf">https://ape.es.gov.br/Media/ape/PDF/Livros/Viagem_ao_Esp%C3%ADrito_Santo.pdf</a>
Texto de ligação CLIQUE AQUI PARA ACESSAR O DOCUMENTO
942 ## - ELEMENTOS DE ENTRADA ADICIONADOS (KOHA)
Fonte da classificação ou esquema de arquivamento na estante Dewey Decimal Classification
Tipo de material Koha Livros
Ocultar no OPAC Yes
Exemplares
Status de descarte Fonte da classificação ou esquema de arquivamento na estante Status físico Não pode ser emprestado Biblioteca de origem Biblioteca atual Data de aquisição Total de empréstimos Data de último acesso Preço efetivo de Tipo de material Koha
  Dewey Decimal Classification     Biblioteca do Arquivo Público do Estado do Espírito Santo Biblioteca do Arquivo Público do Estado do Espírito Santo 05/14/2026   05/14/2026 05/14/2026 Livros